000 00815nam a2200253Ia 4500
005 20250425160712.0
008 250425s9999 xx 000 0 und d
020 _a8448109279
041 _aspa
082 _a621.395
100 _aGIL PADILLA, ANTONIO
245 0 _aELECTRONICA DIGITAL Y MICROPROGRAMABLE
250 _a1A ED.
260 _aEspaƱa
_bMCGRAW-HILL
_c1997
260 _aMADRID
300 _a367
520 _aTRATA SOBRE EL ANALISIS DE FUNCIONES Y CIRCUITOS DIGITALES CABLEADOS Y MICROPROGRAMABLES. PRESENTA UNA SECUENCIA DE APRENDIZAJE, FORMADA POR UN CONJUNTO DE CAPITULOS, QUE DISCURRE DE LO MAS SIMPLE A LOS MAS COMPLEJO.
650 _aCIRCUITOS DIGITALES
650 _aCIRCUITOS LOGICOS
650 _aELECTRONICA DIGITAL
650 _aMEMORIA
942 _c01
010 _a2862
999 _c194422
_d194422